| 000 | 01900cam a2200517 4500 | ||
|---|---|---|---|
| 001 | 53948 | ||
| 005 | 20230410115639.0 | ||
| 008 | 070515s2007 xx a b 001 0 eng c | ||
| 035 | _a(OCoLC)ocn154660506 | ||
| 040 |
_aBTCTA _cBTCTA _dIUL _dUKM _dBAKER _dYDXCP |
||
| 015 |
_aGBA750195 _2bnb |
||
| 016 | 7 |
_a013763056 _2Uk |
|
| 020 | _a9780415432023 | ||
| 020 | _a0415432022 | ||
| 020 | _a9780415431941 (hbk.) | ||
| 020 | _a0415431948 (hbk.) | ||
| 020 | _a9780203961094 (ebk.) | ||
| 020 | _a0203961099 (ebk.) | ||
| 035 | _a(OCoLC)154660506 | ||
| 042 | _apcc | ||
| 043 | _ad------ | ||
| 050 | 1 | 4 |
_aHF1385 _b.W3372007 |
| 082 | 0 | 4 |
_a382.92 _222 |
| 245 | 0 | 4 |
_aThe WTO after Hong Kong : _bprogress in, and prospects for, the Doha Development Agenda / _cedited by Donna Lee and Rorden Wilkinson. |
| 246 | 3 | 0 | _aProgress in, and prospects for, the Doha Development Agenda |
| 260 |
_aLondon ; _aNew York : _bRoutledge, _c2007. |
||
| 300 |
_axvi, 269 p. : _bill. ; _c24 cm. |
||
| 504 | _aIncludes bibliographical references and index. | ||
| 505 | 0 | _aSetting the science -- Key issues -- Principal players -- Fairness and legitimacy -- Concluding the round. | |
| 611 | 2 | 0 |
_aDoha Development Agenda _d(2001- ) |
| 610 | 2 | 0 | _aWorld Trade Organization. |
| 650 | 0 |
_aForeign trade regulation _zDeveloping countries. |
|
| 650 | 0 | _aInternational trade. | |
| 650 | 0 |
_aAgriculture and state _zDeveloping countries. |
|
| 653 | 1 | _aDoha Development Agenda | |
| 653 | 1 | _aWorld trade | |
| 700 | 1 |
_aLee, Donna, _d1963- |
|
| 700 | 1 |
_aWilkinson, Rorden, _d1970- |
|
| 938 |
_aBaker and Taylor _bBTCP _nBK0007193576 |
||
| 938 |
_aBaker & Taylor _bBKTY _c170.00 _d170.00 _i0415431948 _n0007349620 _sactive |
||
| 938 |
_aYBP Library Services _bYANK _n2743895 |
||
| 938 |
_aBaker & Taylor _bBKTY _c49.95 _d49.95 _i0415432022 _n0007193576 _sactive |
||
| 942 |
_2lcc _cbk |
||
| 946 | _aclperez | ||
| 994 |
_aC0 _bDRFGD |
||
| 999 |
_c45310 _d45310 |
||